Les 10 meilleurs buteurs de la coupe du monde 2010 - Statistiques

Statistiques générales
  • Ce quiz a été pris 150 fois
  • Le résultat moyen est 5 sur 10
Statistiques - réponses
Buts Joueur % Correct
5 Villa
85%
5 Forlan
79%
5 Muller
74%
4 Klose
68%
3 Suarez
58%
5 Sneijder
42%
4 Higuain
22%
3 Gyan
21%
3 Fabiano
7%
4 Vittek
3%
Aucun quiz correspondant
Distribution des résultats
% des personnes avec chaque résultat
Percentile par nombre de réponses
Votre historique - résultats
Vous n’avez pas pris ce quiz